00339pab a2200133 454500008004000000100001700040245005700057260000900114300001200123362000800135650001800143650001000161773003400171180718b1998 xxu||||| |||| 00| 0 eng d aBangia, H.R. a50 years of the press in India - "a critical review" c1998 ap.39-41 aJan aPress - India aPress aPress Council of India Review